| 000 | 00509nam a22001697a 4500 | ||
|---|---|---|---|
| 999 |
_c525783 _d525783 |
||
| 003 | NUST | ||
| 020 | _q(Hbk) | ||
| 038 | _aM. Shaban | ||
| 082 |
_a891.491092 _bTAH |
||
| 100 |
_aTahir, Ihsan Ullah _916727 |
||
| 245 |
_aPunjabi ghzal dai noun ratan / _cIhsan Ullah Tahir |
||
| 260 |
_aLahore : _bInstitute of Punjabi language and Culture, _c1999. |
||
| 300 | _a176 p. ; | ||
| 880 |
_6100-01\r _aاحسان اللہ طاہر |
||
| 880 |
_6245-02\r _aپنجابی غزل دے نوں رتن / |
||
| 942 |
_2ddc _cBK |
||